| 000 | 00373nam a2200145Ia 4500 | ||
|---|---|---|---|
| 008 | 210210b1984 xxu||||| |||| 00| 0 eng d | ||
| 082 | _a621.47 KEYS | ||
| 100 | _aKEYES (John H). | ||
| 245 | _aSolar energy handbook. | ||
| 260 |
_aCanada. _bColes publishing Co, Ltd. _c1984 |
||
| 300 | _axiv,273 | ||
| 650 | _aSolar Energy | ||
| 690 | _aSolar Energy | ||
| 906 | _aSG03135 | ||
| 999 |
_c113943 _d113943 |
||